00440 2200181 4500001002100000005001500021035002000036008004100056245004400097100001300141250000600154260003900160300001100199084001400210082000800224650001400232990001200246INLIS00000000000021020240502023311 a0010-0424000186240502 0 ind 1 aMengenal Kehidupan Serangga /cArtiyono aArtiyono a1 aSurabaya :bMedia Kertagama,c2011 a56 hlm a600 ART m a600 4aNon Fiksi a0732444